| 000 | 00477cam8a220018100 4500 | ||
|---|---|---|---|
| 001 | tmp15761199 | ||
| 003 | UPRA | ||
| 005 | 20190822105541.0 | ||
| 008 | 951023s1977 xx eng u | ||
| 035 | _a(Sirsi) r44055 | ||
| 035 | _a(UPRA)tmp15761199 | ||
| 040 | _cUPRA | ||
| 100 | 1 |
_aLeblanc, L. J. _6A1671.1 |
|
| 245 | 1 | 4 | _aThe OAS and the promotion and protection of human rights. |
| 260 | _c1977. | ||
| 949 |
_aKJ605 _wlcc _i-54475 _mMAIN _tBOOK _lON-SHELF |
||
| 004 | 44055 | ||
| 999 |
_c131322 _d131322 |
||